MARC details
| 000 -LEADER |
| fixed length control field |
01445cam a22003138i 4500 |
| 001 - CONTROL NUMBER |
| control field |
20913606 |
| 003 - CONTROL NUMBER IDENTIFIER |
| control field |
OSt |
| 005 - DATE AND TIME OF LATEST TRANSACTION |
| control field |
20250420134820.0 |
| 008 - FIXED-LENGTH DATA ELEMENTS--GENERAL INFORMATION |
| fixed length control field |
190402s2020 nju b 001 0 eng |
| 010 ## - LIBRARY OF CONGRESS CONTROL NUMBER |
| LC control number |
2019015618 |
| 020 ## - INTERNATIONAL STANDARD BOOK NUMBER |
| International Standard Book Number |
9781119482178 (hardback) |
| 040 ## - CATALOGING SOURCE |
| Original cataloging agency |
DLC |
| Language of cataloging |
eng |
| Description conventions |
rda |
| Transcribing agency |
DLC |
| 042 ## - AUTHENTICATION CODE |
| Authentication code |
pcc |
| 050 00 - LIBRARY OF CONGRESS CALL NUMBER |
| Classification number |
TK5104 |
| Item number |
.P725 2020 |
| 082 00 - DEWEY DECIMAL CLASSIFICATION NUMBER |
| Classification number |
621.3825 |
| Edition information |
23 |
| 100 1# - MAIN ENTRY--PERSONAL NAME |
| Personal name |
Pratt, Timothy, |
| Relator term |
author. |
| 9 (RLIN) |
5215 |
| 245 10 - TITLE STATEMENT |
| Title |
Satellite communications / |
| Statement of responsibility, etc. |
Timothy Pratt, Jeremy E. Allnutt. |
| 250 ## - EDITION STATEMENT |
| Edition statement |
3rd edition. |
| 260 ## - PUBLICATION, DISTRIBUTION, ETC. |
| Place of publication, distribution, etc. |
Hoboken, NJ : |
| Name of publisher, distributor, etc. |
Wiley, |
| Date of publication, distribution, etc. |
2020. |
| 300 ## - PHYSICAL DESCRIPTION |
| Extent |
pages cm |
| 504 ## - BIBLIOGRAPHY, ETC. NOTE |
| Bibliography, etc. note |
Includes bibliographical references and index. |
| 505 0# - FORMATTED CONTENTS NOTE |
| Formatted contents note |
Introduction -- Orbital mechanics and launchers -- Satellites -- Satellite link design -- Digital transmission and error control -- Modulation and multiple access -- Propagation effects and their impact on satellite-earth links -- Low throughput systems and small satellites -- NGSO satellite systems -- Direct broadcast satellite television and radio -- Satellite internet -- Satellite navigation and the Global Positioning System -- Glossary -- Appendices. |
| 650 #0 - SUBJECT ADDED ENTRY--TOPICAL TERM |
| Topical term or geographic name entry element |
Artificial satellites in telecommunication. |
| 9 (RLIN) |
5216 |
| 650 #0 - SUBJECT ADDED ENTRY--TOPICAL TERM |
| Topical term or geographic name entry element |
Artificial satellites in telecommunication |
| Form subdivision |
Problems, exercises, etc. |
| 9 (RLIN) |
5217 |
| 650 #0 - SUBJECT ADDED ENTRY--TOPICAL TERM |
| Topical term or geographic name entry element |
Telecommunication |
| Form subdivision |
Problems, exercises, etc. |
| 9 (RLIN) |
5218 |
| 700 1# - ADDED ENTRY--PERSONAL NAME |
| Personal name |
Allnutt, J. E. |
| Fuller form of name |
(Jeremy E.), |
| Relator term |
author. |
| 9 (RLIN) |
5219 |
| 942 ## - ADDED ENTRY ELEMENTS (KOHA) |
| Koha item type |
Book |
| 942 ## - ADDED ENTRY ELEMENTS (KOHA) |
| Source of classification or shelving scheme |
Dewey Decimal Classification |